000
00257nam a2200109Ia 4500
008
200302s9999 xx 000 0 und d
100
_a
Andreas C Papadakis
245
_a
Deconstruction III
260
_b
Academy Group. Ltd.
260
_c
1994
300
_a
96 P.,
999
_c
1773
_d
1773